Základy psychológie

Salvato in:
Dettagli Bibliografici
Autore principale: Boroš, Július
Natura: Libro
Lingua:slovacco
Pubblicazione: Bratislava Slovenské pedagogické nakladateľstvo 1982
Edizione:2. preprac. vyd.
Tags: Aggiungi Tag
Nessun Tag, puoi essere il primo ad aggiungerne!!

MARC

LEADER 00000nam a2200000 4500
001 c131147
005 20221220100134.9
041 0 |a slo 
044 |a SK 
245 1 0 |a Základy psychológie  |c Július Boroš 
250 |a 2. preprac. vyd. 
264 1 |a Bratislava  |b Slovenské pedagogické nakladateľstvo  |c 1982 
300 |a 485 s. 
100 1 |a Boroš, Július